[Event "Plancoet 2014"]
[Site "?"]
[Date "2014.07.29"]
[Round "4.6"]
[White "Petre, Nad-Titus"]
[Black "Mevel, Alberic"]
[Result "1-0"]
[WhiteElo "2371"]
[BlackElo "2226"]
[PlyCount "133"]

1. c4 e5 2. Nc3 Nc6 3. g3 f5 4. Bg2 Nf6 5. e3 g6 6. Nge2 Bg7 7. d4 d6 8. Rb1 a5
9. b3 O-O 10. Bxc6 bxc6 11. dxe5 dxe5 12. Ba3 Re8 13. Na4 Bd7 14. f3 Qc8 15.
Nc5 Be6 16. Bb2 Nd7 17. Nxd7 Bxd7 18. Nc3 Be6 19. Qe2 Bf7 20. O-O Qe6 21. Rbd1
Bf8 22. Na4 h5 23. e4 Bg7 24. Kg2 Qe7 25. Bc1 h4 26. g4 fxg4 27. fxg4 Be6 28.
Be3 Rf8 29. h3 Rxf1 30. Rxf1 Bf6 31. Nc5 Bf7 32. Qf2 Bg7 33. Bg5 Qe8 34. Qxh4
a4 35. Bf6 axb3 36. axb3 Ra2+ 37. Kh1 Ra5 38. Bxg7 Kxg7 39. Qf6+ Kg8 40. Rd1
Ra8 41. Nb7 Qe6 42. Qxe6 Bxe6 43. Rd8+ Rxd8 44. Nxd8 Bd7 45. Kg2 Kf8 46. Kf3
Ke7 47. Nb7 Be6 48. Kg3 Bf7 49. h4 Be8 50. Nc5 Kd6 51. Nd3 Bf7 52. Kf3 Be8 53.
c5+ Ke6 54. Ke3 Kf6 55. g5+ Ke6 56. Kd2 Bd7 57. Kc3 Bc8 58. Nb2 Ba6 59. Nc4 Bc8
60. Ne3 Ke7 61. Kd2 Bd7 62. Ke2 Bc8 63. Kf3 Ke6 64. Kg3 Ba6 65. Nc4 Bc8 66. h5
gxh5 67. Kh4 1-0

[Event "Plancoet 2014"]
[Site "?"]
[Date "2014.07.29"]
[Round "4.7"]
[White "Bernard, Christophe"]
[Black "Bianchi, Guillaume"]
[Result "1-0"]
[WhiteElo "2259"]
[BlackElo "2219"]
[PlyCount "81"]
[EventDate "2014.??.??"]

1. d4 Nf6 2. c4 g6 3. Nc3 Bg7 4. e4 d6 5. Be2 O-O 6. Nf3 e5 7. O-O Nc6 8. d5
Ne7 9. Nd2 Ne8 10. b4 f5 11. c5 Nf6 12. f3 Bh6 13. Nc4 Bxc1 14. Rxc1 f4 15. a4
g5 16. a5 Rf7 17. Nb5 Ne8 18. Nxc7 Qxc7 19. cxd6 Nxd6 20. Nxe5 Qd8 21. Nxf7
Nxf7 22. Qd4 Ng6 23. Rfd1 Qd6 24. a6 Nge5 25. axb7 Bxb7 26. Ra1 a6 27. b5 a5
28. Ra4 g4 29. fxg4 Ng5 30. Rf1 Rf8 31. Bf3 Bc8 32. h4 Ngf7 33. Rxa5 Qd8 34.
Ra8 Qxh4 35. Qc3 Bxg4 36. Rxf8+ Kxf8 37. Bxg4 Nxg4 38. Qh3 Qg5 39. b6 Nd6 40.
Qg3 Ke7 41. Qxf4 1-0

[Event "Plancoet 2014"]
[Site "?"]
[Date "2014.07.29"]
[Round "4.8"]
[White "Bourgois, Bastien"]
[Black "Vedmediuc, Serghei"]
[Result "0-1"]
[WhiteElo "2032"]
[BlackElo "2430"]
[PlyCount "42"]
[EventDate "2014.??.??"]

1. d4 g6 2. c4 Bg7 3. e4 d6 4. Nc3 Nc6 5. Be3 Nf6 6. Be2 O-O 7. f4 e5 8. fxe5
dxe5 9. d5 Nd4 10. Bxd4 exd4 11. Qxd4 Re8 12. Qd3 Nxe4 13. Nxe4 Bf5 14. Nf3
Bxb2 15. Rd1 Bxe4 16. Qb3 Bxf3 17. Qxf3 Qh4+ 18. g3 Qxc4 19. O-O Rxe2 20. Qxf7+
Kh8 21. Rc1 Qd4+ 0-1

[Event "Plancoet 2014"]
[Site "?"]
[Date "2014.07.29"]
[Round "4.9"]
[White "Eriksson, Magnus"]
[Black "Lamorelle, Julien"]
[Result "0-1"]
[WhiteElo "2020"]
[BlackElo "2340"]
[PlyCount "116"]
[EventDate "2014.??.??"]

1. d4 d5 2. c4 e6 3. Nc3 c5 4. cxd5 exd5 5. Nf3 Nc6 6. g3 Nf6 7. Bg2 Be7 8. O-O
O-O 9. h3 Be6 10. Bg5 cxd4 11. Nxd4 Qd7 12. e4 Bxh3 13. exd5 Bxg2 14. Nxc6 Bxf1
15. Nxe7+ Qxe7 16. Kxf1 Rad8 17. Qf3 Rfe8 18. Rd1 a6 19. Kg2 Rd7 20. d6 Rxd6
21. Nd5 Qd8 22. Nxf6+ gxf6 23. Bh6 Kh8 24. Rc1 Qe7 25. Kh2 Rg8 26. Bf4 Rd7 27.
Qc3 Qe6 28. Re1 Qc6 29. Qe3 Rd5 30. Qf3 Rf5 31. Re4 Rc5 32. Bd2 Re5 33. Rf4
Qxf3 34. Rxf3 Rg6 35. Bc3 Re6 36. Kh3 Kg7 37. Rf4 h6 38. Rd4 Rg5 39. Rd7 b6 40.
Rd2 Rc5 41. Rd4 Kg6 42. Rg4+ Rg5 43. Rf4 h5 44. Rd4 Rf5 45. f4 Rc5 46. Rd8 Kf5
47. Rd7 Kg6 48. Rd3 a5 49. Rd8 Rec6 50. Rd3 Kf5 51. Re3 Rc8 52. Kh4 Rg8 53. Re7
Rg4+ 54. Kh3 h4 55. Rxf7 Rxg3+ 56. Kxh4 Rg6 57. Kh5 Rc8 58. Rh7 Rg1 0-1

[Event "Plancoet 2014"]
[Site "?"]
[Date "2014.07.29"]
[Round "4.10"]
[White "Baudin, Frederic"]
[Black "Rjabzev, Konstantin"]
[Result "0-1"]
[WhiteElo "2001"]
[BlackElo "2308"]
[PlyCount "102"]
[EventDate "2014.??.??"]

1. e4 e5 2. f4 Qh4+ 3. g3 Qe7 4. fxe5 d6 5. Nc3 dxe5 6. Bg2 Nf6 7. Nf3 Bg4 8.
d3 Nc6 9. h3 Bxf3 10. Qxf3 Nd4 11. Qf2 Qc5 12. Bg5 Be7 13. Bxf6 Bxf6 14. O-O c6
15. Kh1 O-O-O 16. Rfc1 Bg5 17. Rf1 Rhf8 18. h4 Bh6 19. Bh3+ Kc7 20. Qh2 Kb8 21.
Rf2 Be3 22. Rff1 h5 23. Rae1 Bh6 24. Rf2 g5 25. hxg5 Bxg5 26. Ref1 f6 27. Na4
Qe7 28. c3 Nb5 29. Rf3 Nc7 30. b4 h4 31. g4 Ne6 32. Qc2 Bf4 33. R3f2 Bg3 34.
Rd2 Rg8 35. Qd1 Rg6 36. Nc5 Nf4 37. Bg2 Nxg2 38. Rxg2 Rdg8 39. Qf3 b6 40. Nb3
Rxg4 41. Qxf6 Qxf6 42. Rxf6 h3 43. Rg1 h2 44. Rg2 Kc7 45. Nc1 Rf4 46. Rxf4 exf4
47. Ne2 f3 48. Rxg3 fxe2 49. Rxg8 e1=Q+ 50. Kxh2 Qxc3 51. Rg3 Qxb4 0-1

[Event "Plancoet 2014"]
[Site "?"]
[Date "2014.07.30"]
[Round "5.1"]
[White "Maiorov, Nikita"]
[Black "Terrieux, Kevin"]
[Result "1-0"]
[WhiteElo "2531"]
[BlackElo "2417"]
[PlyCount "57"]

1. d4 Nf6 2. c4 e6 3. Nc3 Bb4 4. Qc2 O-O 5. a3 Bxc3+ 6. Qxc3 b6 7. Bg5 Bb7 8.
e3 d6 9. f3 Nbd7 10. Nh3 e5 11. e4 h6 12. Be3 Qe7 13. Be2 a5 14. O-O a4 15.
Rfe1 Nb8 16. dxe5 dxe5 17. c5 Ba6 18. cxb6 cxb6 19. Bxb6 Rc8 20. Qd2 Bxe2 21.
Qxe2 Nbd7 22. Be3 Nc5 23. Rac1 Nb3 24. Rxc8+ Rxc8 25. Nf2 Qb7 26. Nd3 Nd7 27.
Rd1 f6 28. Nb4 Nf8 29. Rd6 1-0

[Event "Plancoet 2014"]
[Site "?"]
[Date "2014.07.30"]
[Round "5.2"]
[White "Petre, Nad-Titus"]
[Black "Filip, Lucian"]
[Result "1/2-1/2"]
[WhiteElo "2371"]
[BlackElo "2458"]
[PlyCount "40"]

1. d4 e6 2. Nf3 Nf6 3. c4 d5 4. Nc3 Be7 5. Bg5 O-O 6. e3 Nbd7 7. cxd5 exd5 8.
Bd3 c6 9. Qc2 Re8 10. O-O Nf8 11. h3 g6 12. Rab1 Ne6 13. Bh4 Ng7 14. Bg3 Bf5
15. Ne5 Bxd3 16. Qxd3 Nf5 17. Bh2 Nd7 18. Rbd1 Bd6 19. Nxd7 Bxh2+ 20. Kxh2 Qxd7
1/2-1/2

[Event "Plancoet 2014"]
[Site "?"]
[Date "2014.07.30"]
[Round "5.4"]
[White "Bryzgalin, Kiriil"]
[Black "Bernard, Christophe"]
[Result "1-0"]
[WhiteElo "2460"]
[BlackElo "2259"]
[PlyCount "75"]

1. c4 g6 2. Nc3 c5 3. Nf3 Bg7 4. g3 Nc6 5. Bg2 d6 6. O-O Nh6 7. e3 O-O 8. h3 e5
9. d3 Nf5 10. a3 a6 11. Rb1 Rb8 12. b4 cxb4 13. axb4 b5 14. Ba3 Nfe7 15. e4 h6
16. Kh2 f5 17. exf5 Nxf5 18. Nd2 Ncd4 19. Nd5 Kh8 20. Bb2 Rb7 21. Bc3 Rbf7 22.
Ra1 Ne7 23. Bxd4 exd4 24. Nxe7 Qxe7 25. cxb5 axb5 26. Kg1 d5 27. Bxd5 Rf6 28.
Bg2 Qxb4 29. Ne4 Rb6 30. Qc2 Bf5 31. Qc7 Rfb8 32. Nc5 Rc8 33. Qxb6 Qxc5 34.
Qxc5 Rxc5 35. Ra8+ Kh7 36. Ra7 h5 37. Re1 Kh6 38. Ree7 1-0

[Event "Plancoet 2014"]
[Site "?"]
[Date "2014.07.30"]
[Round "5.5"]
[White "Vedmediuc, Serghei"]
[Black "Vavric, Pavel"]
[Result "1/2-1/2"]
[WhiteElo "2430"]
[BlackElo "2235"]
[PlyCount "58"]

1. c4 e5 2. Nc3 Nf6 3. g3 d5 4. cxd5 Nxd5 5. Bg2 Nb6 6. Nf3 Nc6 7. O-O Be7 8.
a3 Be6 9. d3 a5 10. Be3 O-O 11. Na4 Nxa4 12. Qxa4 Bd5 13. Rac1 Rb8 14. Qb5 Nd4
15. Nxd4 c6 16. Qa4 exd4 17. Bxd5 dxe3 18. Bf3 exf2+ 19. Kxf2 Qb6+ 20. Kg2 Qxb2
21. Qxa5 Qxa3 22. Qxa3 Bxa3 23. Rc3 Bb4 24. Rb3 c5 25. Ra1 Rfe8 26. d4 Re7 27.
Rc1 b6 28. dxc5 bxc5 29. Rxc5 Ree8 1/2-1/2

[Event "Plancoet 2014"]
[Site "?"]
[Date "2014.07.30"]
[Round "5.6"]
[White "Manea, Alexandru"]
[Black "Mancini, Mario"]
[Result "1-0"]
[WhiteElo "2373"]
[BlackElo "2209"]
[PlyCount "71"]

1. d4 Nf6 2. Nf3 e6 3. c4 Nc6 4. g3 d5 5. cxd5 exd5 6. Bg2 Bb4+ 7. Bd2 Bxd2+ 8.
Nbxd2 O-O 9. O-O Re8 10. Re1 Bg4 11. Nb3 Bxf3 12. Bxf3 Ne4 13. Rc1 Ng5 14. Bg2
Ne6 15. e4 Ne7 16. exd5 Nxd5 17. Nc5 Rb8 18. Nxe6 Rxe6 19. Rxe6 fxe6 20. Qa4 a6
21. Re1 Qd6 22. Bh3 b5 23. Qa3 Qxa3 24. Bxe6+ Kf8 25. bxa3 Rd8 26. Re5 Ne7 27.
Re4 Nd5 28. h4 Nc3 29. Re3 Nd5 30. Re5 Nc3 31. Bb3 Rxd4 32. Rc5 Ne4 33. Rxc7
Nd6 34. Ra7 Nc4 35. Rxa6 Nd2 36. Ra7 1-0

[Event "Plancoet 2014"]
[Site "?"]
[Date "2014.07.30"]
[Round "5.7"]
[White "Lamorelle, Julien"]
[Black "O'Donnell, Conor"]
[Result "0-1"]
[WhiteElo "2340"]
[BlackElo "2122"]
[PlyCount "96"]

1. e4 c6 2. d4 d5 3. exd5 cxd5 4. c4 Nf6 5. Nc3 Nc6 6. Bg5 dxc4 7. d5 Ne5 8.
Qd4 h6 9. Bf4 Ng6 10. Bxc4 Nxf4 11. Qxf4 Bd7 12. Nf3 g5 13. Qe5 Qb6 14. O-O Bg7
15. d6 Qxd6 16. Rad1 Qxe5 17. Nxe5 e6 18. Nxd7 Nxd7 19. Bb5 O-O-O 20. Ne4 a6
21. Nd6+ Kc7 22. Nxf7 axb5 23. Rfe1 Rde8 24. Rc1+ Kb6 25. Red1 Ne5 26. Rd6+ Nc6
27. Nxh8 Bxh8 28. b3 Kc7 29. Rd3 b4 30. h4 gxh4 31. Rc4 Bf6 32. Rf3 Bg5 33.
Rf7+ Re7 34. Rf8 e5 35. Kh2 Rd7 36. Rc2 Rd2 37. Rxd2 Bxd2 38. Kh3 Bg5 39. Kg4
Kd6 40. Rc8 Bd8 41. Ra8 b5 42. a3 bxa3 43. Rxa3 Bg5 44. Kf5 Kd5 45. Kg4 Nd4 46.
Ra5 Kc5 47. Ra8 Nxb3 48. Kf5 Kd5 0-1

[Event "Plancoet 2014"]
[Site "?"]
[Date "2014.07.30"]
[Round "5.8"]
[White "Rjabzev, Konstantin"]
[Black "Masset, Jacques"]
[Result "1/2-1/2"]
[WhiteElo "2308"]
[BlackElo "2073"]
[PlyCount "22"]

1. e4 g6 2. d4 Bg7 3. Nc3 c5 4. dxc5 Bxc3+ 5. bxc3 Qa5 6. Ne2 Nf6 7. Qd4 Nc6 8.
Qd3 O-O 9. f3 b6 10. cxb6 d5 11. e5 Nd7 1/2-1/2

[Event "Plancoet 2014"]
[Site "?"]
[Date "2014.07.30"]
[Round "5.9"]
[White "Dekker, Tobias"]
[Black "Bouget, Alexandre"]
[Result "0-1"]
[WhiteElo "1940"]
[BlackElo "2287"]
[PlyCount "64"]

1. d4 d5 2. c4 e6 3. Nc3 c5 4. cxd5 cxd4 5. Qxd4 Nc6 6. Qd1 exd5 7. Nf3 d4 8.
Ne4 Bf5 9. Ng3 Bg6 10. e4 dxe3 11. Bxe3 Bb4+ 12. Nd2 h5 13. Bb5 h4 14. Ne2 h3
15. Qa4 hxg2 16. Bxc6+ bxc6 17. Qxc6+ Kf8 18. Qxg2 Rc8 19. Rc1 Rxc1+ 20. Nxc1
Nf6 21. a3 Bd6 22. Ne2 Qb8 23. Ng3 Bd3 24. Qc6 Kg8 25. Bxa7 Qxb2 26. Qc8+ Kh7
27. Bd4 Qxd4 28. Qh3+ Kg6 29. Qxh8 Qa1+ 30. Nb1 Qxb1+ 31. Kd2 Bf4+ 32. Kc3 Qc2+
0-1

[Event "Plancoet 2014"]
[Site "?"]
[Date "2014.07.30"]
[Round "5.10"]
[White "Mevel, Alberic"]
[Black "Thomas, Apolline"]
[Result "1-0"]
[WhiteElo "2226"]
[BlackElo "1807"]
[PlyCount "67"]

1. e4 e5 2. Nf3 Nc6 3. d4 exd4 4. Nxd4 Bb4+ 5. c3 Bc5 6. Be3 Bb6 7. Bd3 Nf6 8.
O-O d6 9. Nxc6 bxc6 10. Bg5 O-O 11. Nd2 Re8 12. Kh1 d5 13. f4 h6 14. Bh4 dxe4
15. Nxe4 Rxe4 16. Bxf6 Qxf6 17. Bxe4 Ba6 18. Rf3 Rd8 19. Qa4 Bb5 20. Qc2 Bc4
21. b3 Ba6 22. Rd1 Rd6 23. Rxd6 Qxd6 24. Bh7+ Kh8 25. Bd3 Bc8 26. Rf1 Bg4 27.
h3 Qf6 28. Qd2 Bd7 29. Bc2 Qd6 30. Rd1 Bc5 31. Qe2 Qxf4 32. Rxd7 g6 33. Qf3
Qc1+ 34. Bd1 1-0

[Event "Plancoet 2014"]
[Site "?"]
[Date "2014.07.30"]
[Round "5.11"]
[White "Dutreuil, Raphael"]
[Black "Aubry, Yannis"]
[Result "1/2-1/2"]
[WhiteElo "2118"]
[BlackElo "2255"]
[PlyCount "24"]

1. d4 d6 2. e4 Nf6 3. f3 d5 4. Nc3 e6 5. Be3 a6 6. a3 b5 7. e5 Nfd7 8. b4 c6 9.
Nce2 a5 10. c3 Nb6 11. Ng3 N8d7 12. Bd3 h5 1/2-1/2

[Event "Plancoet 2014"]
[Site "?"]
[Date "2014.07.31"]
[Round "6.2"]
[White "O'Donnell, conor"]
[Black "Bryzgalin, Kirill"]
[Result "0-1"]
[WhiteElo "2122"]
[BlackElo "2461"]
[PlyCount "46"]

1. e4 e5 2. Nf3 Nc6 3. Nc3 d6 4. d4 exd4 5. Nxd4 Nf6 6. Bg5 Be7 7. Bb5 Bd7 8.
O-O O-O 9. Re1 h6 10. Bh4 Re8 11. Nf5 Bxf5 12. exf5 a6 13. Bf1 Qd7 14. g4 Nh7
15. Bg3 Bf6 16. Ne4 Bxb2 17. Rb1 Nf6 18. Nxf6+ Bxf6 19. Rxe8+ Rxe8 20. Rxb7 Nd4
21. Bg2 Qa4 22. h3 h5 23. Rxc7 Qa5 0-1

[Event "Plancoet 2014"]
[Site "?"]
[Date "2014.07.31"]
[Round "6.3"]
[White "Milchev, Nikolai"]
[Black "Petre, Nad-Titus"]
[Result "1-0"]
[WhiteElo "2424"]
[BlackElo "2371"]
[PlyCount "159"]

1. Nf3 Nf6 2. g3 b6 3. Bg2 Bb7 4. O-O g6 5. b4 Bg7 6. Bb2 O-O 7. c4 Qc8 8. d3
Na6 9. Qb3 d6 10. Nc3 e5 11. Nd5 Re8 12. e4 Nd7 13. a3 c6 14. Ne3 Nc7 15. d4 c5
16. bxc5 bxc5 17. d5 Rb8 18. Qc2 Nb6 19. Bc3 Rf8 20. h4 Qe8 21. a4 Bc8 22. a5
Nba8 23. Rfb1 Bd7 24. Rxb8 Qxb8 25. Rb1 Qc8 26. Qb2 Na6 27. Qb7 Qxb7 28. Rxb7
N8c7 29. Rxa7 Rb8 30. Bxe5 dxe5 31. d6 Ra8 32. Rb7 Bc6 33. Rb6 Bxe4 34. dxc7
Nxc7 35. Ng5 Bxg2 36. Kxg2 Bf8 37. Rb7 Rc8 38. Ng4 Bg7 39. Ne4 Na6 40. Ngf6+
Bxf6 41. Nxf6+ Kg7 42. Nd7 Re8 43. Rb6 Re7 44. Rxa6 Rxd7 45. Rc6 Rd2 46. Rxc5
e4 47. Kf1 Ra2 48. g4 h6 49. g5 hxg5 50. hxg5 Kf8 51. Re5 Ra4 52. Rxe4 Rxa5 53.
f4 f6 54. gxf6 Kf7 55. Ke2 Kxf6 56. Re3 Ra2+ 57. Kf3 Rc2 58. Re4 Rc1 59. Ke3
Rd1 60. Rd4 Rg1 61. Kd3 Rg3+ 62. Ke4 g5 63. fxg5+ Rxg5 64. Rd5 Rg4+ 65. Kd3
Rg3+ 66. Kd4 Ke6 67. Kc5 Rg8 68. Rd6+ Ke7 69. Rd4 Rb8 70. Kc6 Rb4 71. Rd7+ Ke8
72. c5 Rc4 73. Rd5 Rb4 74. Kc7 Re4 75. c6 Re1 76. Kc8 Re2 77. c7 Re1 78. Rd8+
Ke7 79. Kb7 Rb1+ 80. Ka6 1-0

[Event "Plancoet 2014"]
[Site "?"]
[Date "2014.07.31"]
[Round "6.5"]
[White "Vedmediuc, Serghei"]
[Black "Kukov, Velislav"]
[Result "1/2-1/2"]
[WhiteElo "2430"]
[BlackElo "2369"]
[PlyCount "49"]

1. e4 g6 2. d4 Bg7 3. c4 d6 4. Nc3 Nf6 5. Nf3 O-O 6. Be2 c5 7. d5 b5 8. cxb5 a6
9. Bd2 axb5 10. Bxb5 Ba6 11. a4 Nbd7 12. O-O Ne8 13. Re1 Nc7 14. Bc6 Rb8 15.
Qc2 Bc4 16. Ra3 e6 17. Bf4 Nf6 18. Bxd6 Qxd6 19. e5 Qd8 20. exf6 Bxf6 21. d6
Nd5 22. Ne4 Bxb2 23. Qxc4 Bxa3 24. Bxd5 exd5 25. Qxd5 1/2-1/2

[Event "Plancoet 2014"]
[Site "?"]
[Date "2014.07.31"]
[Round "6.6"]
[White "Terrieux, Kevin"]
[Black "Emmenecker, Philippe"]
[Result "1-0"]
[WhiteElo "2417"]
[BlackElo "2191"]
[PlyCount "81"]

1. d4 Nf6 2. c4 g6 3. Nc3 Bg7 4. e4 d6 5. f3 O-O 6. Nge2 c5 7. d5 e6 8. Ng3
exd5 9. cxd5 a6 10. a4 h5 11. Bg5 Qc7 12. Qd2 Nbd7 13. Be2 Rb8 14. O-O c4 15.
Kh1 Nh7 16. Bh4 b5 17. axb5 axb5 18. f4 Nc5 19. Rab1 b4 20. Na2 Nb3 21. Qd1 Ba6
22. e5 dxe5 23. f5 Bf6 24. d6 Qa5 25. Bxf6 Nxf6 26. Bxh5 Qd5 27. fxg6 fxg6 28.
Bxg6 Qxd1 29. Rbxd1 Ng4 30. Kg1 Nd4 31. Rfe1 Rf6 32. Bh5 Nc2 33. Bxg4 Nxe1 34.
Ne4 Rf4 35. Rxe1 Bb5 36. Be6+ Kg7 37. g3 Rff8 38. Nc5 Bc6 39. Bxc4 e4 40. Nxe4
Bxe4 41. Rxe4 1-0

[Event "Plancoet 2014"]
[Site "?"]
[Date "2014.07.31"]
[Round "6.7"]
[White "Najart, David"]
[Black "Rjabzev, Konstantin"]
[Result "1/2-1/2"]
[WhiteElo "2150"]
[BlackElo "2308"]
[PlyCount "123"]

1. c4 d6 2. g3 g6 3. Bg2 e5 4. Nc3 Bg7 5. e3 Nc6 6. Nge2 h5 7. d4 h4 8. b4 h3
9. Bf3 Qf6 10. Be4 Bf5 11. Nd5 Qd8 12. Bxf5 gxf5 13. Bb2 Nce7 14. Nxe7 Qxe7 15.
O-O Nf6 16. Qc2 Qe6 17. Rad1 O-O-O 18. Nc1 f4 19. exf4 exf4 20. Rde1 Qd7 21.
Nd3 fxg3 22. fxg3 Ng4 23. d5 Rdg8 24. Bxg7 Rxg7 25. Qb2 Rhg8 26. Qd4 Kb8 27.
Re2 b6 28. c5 dxc5 29. bxc5 Rg5 30. Nf4 Re8 31. Rfe1 Rxe2 32. Rxe2 Qb5 33. Rb2
Qe8 34. Re2 Qb5 35. Rb2 Qe8 36. Re2 Re5 37. Rxe5 Nxe5 38. Qe3 Qh8 39. cxb6 Ng4
40. bxc7+ Kc8 41. Qe1 Qd4+ 42. Kf1 Nxh2+ 43. Ke2 Qe4+ 44. Kd1 Qb1+ 45. Ke2
Qxa2+ 46. Kd3 Qa6+ 47. Kc2 Qa4+ 48. Kd3 Qb5+ 49. Kc2 Qc5+ 50. Kd3 Kxc7 51. Qe5+
Qd6 52. Qxd6+ Kxd6 53. Kc4 Nf1 54. Nxh3 Nxg3 55. Nf4 Ne4 56. Kd4 Nf6 57. Kc4 a6
58. Kd4 a5 59. Nd3 Nxd5 60. Ne5 a4 61. Nxf7+ Kc6 62. Kc4 1/2-1/2

[Event "Plancoet 2014"]
[Site "?"]
[Date "2014.07.31"]
[Round "6.8"]
[White "Vavric, Pavel"]
[Black "Rouffignac, Tanguy"]
[Result "1-0"]
[WhiteElo "2235"]
[BlackElo "2139"]
[PlyCount "141"]

1. e4 e5 2. Nf3 Nc6 3. Bb5 a6 4. Ba4 Nf6 5. O-O b5 6. Bb3 Bb7 7. Re1 Bc5 8. c3
O-O 9. d4 Bb6 10. Bg5 h6 11. Bh4 d6 12. Qd3 Na5 13. Bc2 c5 14. dxe5 dxe5 15.
Qxd8 Raxd8 16. Nbd2 g5 17. Bg3 g4 18. Bxe5 gxf3 19. Nxf3 Nh7 20. Bf4 h5 21. Nh4
Bc8 22. Re3 Rfe8 23. Rg3+ Kh8 24. Nf3 Rg8 25. Ne5 Rxg3 26. Nxf7+ Kg7 27. Nxd8
Rg4 28. Be5+ Kf8 29. Rd1 Ke8 30. Ne6 Nc4 31. Bc7 Bxe6 32. Bxb6 Nxb6 33. Rd6
Bxa2 34. Rxb6 Nf8 35. Rxa6 Be6 36. Rc6 c4 37. Rc5 Bd7 38. Rxh5 Rg6 39. Rd5 Bh3
40. g3 Ra6 41. f3 Ra1+ 42. Rd1 Ra2 43. Rb1 Be6 44. Kf2 b4 45. cxb4 c3 46. Ke3
Rxb2 47. Kd3 Ba2 48. Ra1 Bb3 49. Rc1 Bxc2+ 50. Rxc2 Rxb4 51. Rxc3 Rb1 52. f4
Ne6 53. h4 Rd1+ 54. Ke2 Ra1 55. f5 Ng7 56. g4 Rh1 57. Rc8+ Kf7 58. Rc7+ Kf8 59.
h5 Ne8 60. Rc8 Rh3 61. Kf2 Kf7 62. e5 Ng7 63. Rh8 Ne8 64. g5 Nf6 65. e6+ Kg7
66. gxf6+ Kxh8 67. e7 Rh2+ 68. Kg3 Rh3+ 69. Kf4 Rh4+ 70. Kg5 Ra4 71. f7 1-0

[Event "Plancoet 2014"]
[Site "?"]
[Date "2014.07.31"]
[Round "6.9"]
[White "Masset, Jacques"]
[Black "Mevel, Alberic"]
[Result "1/2-1/2"]
[WhiteElo "2073"]
[BlackElo "2226"]
[PlyCount "29"]

1. d4 Nf6 2. c4 e6 3. Nf3 b6 4. g3 Ba6 5. b3 Bb4+ 6. Bd2 Be7 7. Bg2 b5 8. Ne5
d5 9. c5 Nfd7 10. Nd3 Nc6 11. e3 Bf6 12. f4 g6 13. b4 Ne7 14. Nc3 c6 15. O-O
1/2-1/2

[Event "Plancoet 2014"]
[Site "?"]
[Date "2014.07.31"]
[Round "6.10"]
[White "Anskog, Kent"]
[Black "Le Masle, Raphael"]
[Result "0-1"]
[WhiteElo "2209"]
[BlackElo "2072"]
[PlyCount "46"]

1. Nf3 g6 2. e4 Bg7 3. d4 d6 4. Bc4 e6 5. O-O Ne7 6. Be3 a6 7. Qd2 h6 8. Bd3
Nd7 9. c4 d5 10. exd5 exd5 11. Re1 Nf6 12. Nc3 Kf8 13. Bf4 c6 14. c5 Kg8 15.
Na4 Ne4 16. Bxe4 dxe4 17. Nb6 exf3 18. Nxa8 Nf5 19. Nc7 Qd7 20. Be5 Bxe5 21.
Rxe5 Nxd4 22. h3 fxg2 23. Kxg2 Qxh3+ 0-1

[Event "Plancoet 2014"]
[Site "?"]
[Date "2014.07.31"]
[Round "6.11"]
[White "Aubry, Yannis"]
[Black "Estadieu, Romeo"]
[Result "1-0"]
[WhiteElo "2255"]
[BlackElo "1857"]
[PlyCount "51"]

1. c4 Nf6 2. Nc3 g6 3. g3 Bg7 4. Bg2 d6 5. d3 e5 6. e4 c6 7. Nge2 Na6 8. O-O
O-O 9. h3 Nc7 10. f4 b6 11. Be3 c5 12. f5 Nd7 13. h4 Bb7 14. Qd2 a6 15. b3 f6
16. Bh3 Kf7 17. Rf2 Qe7 18. Raf1 Ke8 19. Nd5 Nxd5 20. exd5 Kd8 21. Nc3 Kc7 22.
Ne4 Bh8 23. Kh2 Rae8 24. a3 Bc8 25. b4 gxf5 26. Bxf5 1-0

[Event "Plancoet 2014"]
[Site "?"]
[Date "2014.07.31"]
[Round "7.2"]
[White "Maiorov, Nikita"]
[Black "Bouget, Alexandre"]
[Result "1/2-1/2"]
[WhiteElo "2531"]
[BlackElo "2287"]
[PlyCount "72"]
[EventDate "2014.??.??"]

1. d4 Nf6 2. c4 e6 3. Nc3 Bb4 4. Qc2 b6 5. a3 Bxc3+ 6. Qxc3 Bb7 7. f3 d5 8. Bg5
Nbd7 9. cxd5 exd5 10. e3 Rc8 11. Bd3 h6 12. Bh4 O-O 13. Bf5 g5 14. Bg3 Nh5 15.
Ne2 Ng7 16. Bd3 Qe7 17. Qd2 c5 18. O-O f5 19. Rfe1 Ne6 20. Rac1 Qf6 21. Bb5 Rf7
22. Red1 Rcf8 23. Bf2 a6 24. Ba4 h5 25. Bc2 h4 26. dxc5 bxc5 27. b4 h3 28. bxc5
hxg2 29. Kxg2 g4 30. Nd4 Ndxc5 31. Kh1 Nxd4 32. Qxd4 Qxd4 33. exd4 Ne6 34. Rg1
Rg7 35. fxg4 fxg4 36. Be3 g3 {illisible, nulle au 43ème coup} 1/2-1/2

[Event "Plancoet 2014"]
[Site "?"]
[Date "2014.07.31"]
[Round "7.5"]
[White "Kukov, Velislav"]
[Black "Vavric, Pavel"]
[Result "1/2-1/2"]
[WhiteElo "2369"]
[BlackElo "2235"]
[PlyCount "43"]

1. d4 g6 2. Nf3 Bg7 3. c3 Nf6 4. Bf4 d6 5. h3 O-O 6. e3 c5 7. Be2 b6 8. O-O Ba6
9. a4 Qc8 10. Na3 Bxe2 11. Qxe2 Qb7 12. a5 Na6 13. Nb5 Nd5 14. Bg3 Ndc7 15.
Nxc7 Nxc7 16. Nd2 Rab8 17. axb6 axb6 18. Qf3 Qxf3 19. Nxf3 Ra8 20. Nd2 f5 21.
dxc5 bxc5 22. Nc4 1/2-1/2

[Event "Plancoet 2014"]
[Site "?"]
[Date "2014.07.31"]
[Round "7.6"]
[White "Mancini, Mario"]
[Black "Vedmediuc, Serghei"]
[Result "0-1"]
[WhiteElo "2209"]
[BlackElo "2430"]
[PlyCount "66"]

1. d4 Nf6 2. c4 g6 3. g3 Bg7 4. Bg2 O-O 5. Nc3 d6 6. Nf3 Nbd7 7. O-O e5 8. h3
exd4 9. Nxd4 Re8 10. e4 a6 11. Be3 Rb8 12. Qc2 c5 13. Nde2 b5 14. cxb5 axb5 15.
Nf4 b4 16. Ncd5 Bb7 17. Rad1 g5 18. Nxf6+ Nxf6 19. Nd5 Nxd5 20. exd5 Ra8 21.
Qb3 Qa5 22. a3 Ba6 23. Rfe1 bxa3 24. Bd2 c4 25. Qc2 c3 26. Bxc3 Bxc3 27. bxc3
Bc4 28. Rxe8+ Rxe8 29. Ra1 a2 30. Qd2 h6 31. Bf3 Qb5 32. Qc2 Qb3 33. Qc1 Bd3
0-1

[Event "Plancoet 2014"]
[Site "?"]
[Date "2014.07.31"]
[Round "7.8"]
[White "Rjabzev, Konstantin"]
[Black "Le Marec, Simon"]
[Result "1-0"]
[WhiteElo "2308"]
[BlackElo "2132"]
[PlyCount "51"]

1. e4 e6 2. d4 d5 3. Nd2 Nf6 4. e5 Nfd7 5. c3 c5 6. f4 Nc6 7. Ndf3 f6 8. Bd3
Qa5 9. a3 cxd4 10. b4 Qc7 11. cxd4 Nxb4 12. axb4 Qc3+ 13. Kf2 Qxa1 14. Ne2 Bxb4
15. f5 fxe5 16. fxe6 O-O 17. exd7 Bxd7 18. Qb3 Qa5 19. dxe5 Bc5+ 20. Kg3 Bc6
21. Nf4 Qb4 22. Qc2 Rxf4 23. Bxf4 Rf8 24. Bd2 Rxf3+ 25. gxf3 Qd4 26. Bc3 1-0

[Event "Plancoet 2014"]
[Site "?"]
[Date "2014.07.31"]
[Round "7.9"]
[White "Dutreuil, Raphael"]
[Black "Bernard, Christophe"]
[Result "0-1"]
[WhiteElo "2118"]
[BlackElo "2259"]
[PlyCount "94"]
[EventDate "2014.??.??"]

1. d4 Nf6 2. c4 g6 3. Nc3 d5 4. Bf4 Bg7 5. e3 O-O 6. Rc1 c5 7. dxc5 Be6 8. Nf3
Nc6 9. Ng5 Bg4 10. f3 e5 11. cxd5 exf4 12. dxc6 Qe7 13. Bc4 Qxe3+ 14. Ne2 bxc6
15. Qd2 Bd7 16. Qxe3 fxe3 17. Rd1 Rab8 18. b3 h6 19. Ne4 Nxe4 20. Rxd7 Nxc5 21.
Rxa7 Ra8 22. Rxa8 Rxa8 23. a4 Rb8 24. O-O Rb4 25. Rc1 Nxb3 26. Bxb3 Rxb3 27.
Rxc6 Ra3 28. g3 Rxa4 29. Rc8+ Bf8 30. f4 Kg7 31. Kg2 Bb4 32. Rc4 Ra2 33. Kf3
Bd2 34. Nd4 Ra1 35. Nc2 Rf1+ 36. Ke2 Rc1 37. Nxe3 Bxe3 38. Re4 Bc5 39. Kd3 h5
40. Re2 Bd6 41. Ke3 Rd1 42. Kf3 h4 43. Kg4 hxg3 44. hxg3 Rd3 45. Ra2 Bb4 46.
Re2 Bd2 47. Re8 Re3 0-1

[Event "Plancoet 2014"]
[Site "?"]
[Date "2014.07.31"]
[Round "7.10"]
[White "O'Donnell, Conor"]
[Black "Aubry, Yannis"]
[Result "1/2-1/2"]
[WhiteElo "2122"]
[BlackElo "2255"]
[PlyCount "46"]
[EventDate "2014.??.??"]

1. e4 e6 2. d4 d5 3. Nc3 Bb4 4. e5 c5 5. a3 Bxc3+ 6. bxc3 Ne7 7. Qg4 O-O 8. Bd3
Nbc6 9. Qh5 Nf5 10. g4 Qh4 11. Qxh4 Nxh4 12. Bg5 Ng6 13. Be3 cxd4 14. cxd4 Bd7
15. f4 f6 16. Ne2 fxe5 17. dxe5 Nh4 18. O-O g5 19. Rab1 b6 20. c3 gxf4 21. Bxf4
Ng6 22. Bxg6 hxg6 23. Nd4 Na5 1/2-1/2